[Event "Open"]
[Site "Winterthur SUI"]
[Date "2003.10.10"]
[Round "8"]
[White "Kelecevic,N"]
[Black "Tukmakov,V"]
[Result "1/2-1/2"]
[WhiteElo "2379"]
[BlackElo "2562"]

1.d4 d5 2.Nf3 Nf6 3.c4 c6 4.Nc3 dxc4 5.a4 Bf5 6.Ne5 Nbd7 7.Nxc4 Qc7 8.g3 e5
9.dxe5 Nxe5 10.Bf4 Nfd7 11.Bg2 g5 12.Ne3 gxf4 13.Nxf5 O-O-O 14.O-O fxg3 15.hxg3 h5
16.Ne4 Nc5 17.Qc2 Nxe4 18.Qxe4 a5 19.Rad1 Bc5 20.Qc2 Qb6 21.e3 Kb8 22.Rxd8+ Rxd8
23.Rd1 Rxd1+ 24.Qxd1 Ka7 25.b3 Qb4 26.Nd4 Qc3 27.Be4 Qb2 28.Nf3 Ng4 29.Qc2 Qa1+
30.Qb1 Qf6 31.Qc2 Kb8 32.Qd2 Qe7 33.Qd3 Nf6 34.Nd2 Bb4 35.Nc4 Kc7 36.Bf3 b5
37.axb5 cxb5 38.Nxa5 Bxa5  1/2-1/2

[Event "Femida"]
[Site "Kharkov UKR"]
[Date "2003.10.16"]
[Round "10"]
[White "Romanova,I"]
[Black "Gagloshvili,R"]
[Result "0-1"]
[WhiteElo "2256"]
[BlackElo "2218"]

1.d4 d5 2.c4 c6 3.Nc3 Nf6 4.Nf3 dxc4 5.a4 Bf5 6.e3 e6 7.Bxc4 Bb4 8.O-O Nbd7
9.Bd3 Bxd3 10.Qxd3 O-O 11.Rd1 Qe7 12.e4 e5 13.Bg5 exd4 14.Qxd4 Bxc3 15.bxc3 h6
16.Bxf6 Nxf6 17.e5 Nd5 18.c4 Nb4 19.Qd7 Rfe8 20.a5 Na6 21.h3 Qxd7 22.Rxd7 Nc5
23.Rd6 a6 24.Rb1 Re7 25.g4 Kf8 26.Kg2 Ke8 27.h4 Rd8 28.Rxd8+ Kxd8 29.h5 Kc7
30.Kg3 Nd3 31.Rb3 Nxe5 32.Re3 f6 33.c5 Kd7 34.Nd2 Kd8 35.Kf4 Nd7 36.Ra3 Re5
37.Ne4 Kc7 38.Rd3 Nf8 39.f3 Ne6+ 40.Ke3 f5 41.gxf5 Rxf5 42.Nd6 Re5+ 43.Kf2 Nxc5
44.f4 Rd5 45.Ne8+ Kd7 46.Re3 Ne6  0-1

[Event "300 Years"]
[Site "St Petersburg RUS"]
[Date "2003.10.18"]
[Round "1"]
[White "Ionov,S"]
[Black "Tchernyi,V"]
[Result "1-0"]
[WhiteElo "2547"]
[BlackElo "2322"]

1.d4 d5 2.c4 c6 3.Nf3 Nf6 4.Nc3 dxc4 5.a4 Bf5 6.e3 e6 7.Bxc4 Bb4 8.O-O Nbd7
9.Nh4 O-O 10.f3 Nb6 11.Bb3 a5 12.e4 Bg6 13.Nxg6 hxg6 14.Be3 Rc8 15.Qe2 Nfd7
16.Rfd1 Qe7 17.Kh1 Rfd8 18.Rac1 e5 19.dxe5 Qxe5 20.f4 Qe7 21.e5 Nc5 22.Bxc5 Bxc5
23.Ne4 Bb4 24.Ng5 Nd5 25.Qg4 Kf8 26.Bxd5  1-0

[Event "300 Years"]
[Site "St Petersburg RUS"]
[Date "2003.10.20"]
[Round "3"]
[White "Gleizerov,E"]
[Black "Malakhatko,V"]
[Result "1/2-1/2"]
[WhiteElo "2574"]
[BlackElo "2529"]

1.d4 d5 2.c4 c6 3.Nf3 Nf6 4.Nc3 dxc4 5.a4 Bf5 6.e3 e6 7.Bxc4 Bb4 8.O-O Nbd7
9.Nh4 O-O 10.Nxf5 exf5 11.Qc2 Nb6 12.Bb3 Qd7 13.Bd2 a5 14.Ne2 Nbd5 15.Nc1 Ne4
16.Bxb4 Nxb4  1/2-1/2

[Event "WYg16"]
[Site "Halkidiki GRE"]
[Date "2003.10.23"]
[Round "1"]
[White "Batsiashvili,N"]
[Black "Macnab,L"]
[Result "1-0"]
[WhiteElo "2248"]
[BlackElo "1916"]

1.d4 d5 2.c4 c6 3.Nc3 Nf6 4.Nf3 dxc4 5.a4 Bf5 6.e3 e6 7.Bxc4 Bb4 8.O-O Nbd7
9.Qb3 Qb6 10.Rd1 O-O 11.Bd2 Bg4 12.Be2 Rac8 13.h3 Bh5 14.Ne4 Nxe4 15.Qxb4 Nxd2
16.Qxd2 a5 17.Rac1 c5 18.Ne5 Nxe5 19.Bxh5 cxd4 20.Rxc8 Rxc8 21.Qxd4 Qxd4
22.exd4 Nc4 23.Rc1 Kf8 24.Bf3 b6 25.d5 exd5 26.Bxd5 Nd6 27.Rxc8+ Nxc8 28.f4 Ke7
29.Kf2 f6 30.Ke3 Kd6 31.Be4 h6 32.Kd4 g5 33.fxg5 fxg5 34.Bf3 Ne7 35.Ke4 Ke6
36.Bg4+ Kd6 37.g3 Kc5 38.Ke5 Kb4 39.Bd1 b5 40.axb5 Kxb5 41.Ke6 Nc6 42.Kf6 Nd4
43.Kg6 Kc5 44.Kxh6 Nf5+ 45.Kxg5 Nxg3 46.h4 Ne4+ 47.Kf5 Nd6+ 48.Kf6 Ne8+ 49.Kf7 Nd6+
50.Ke6 Ne8 51.Ba4 Ng7+ 52.Kf6 Nh5+ 53.Kg5 Ng7 54.h5 Nxh5 55.Kxh5 Kb4 56.b3 Kc5
57.Kg5 Kd6 58.Kf4 Kd5 59.Kf5 Kd6 60.Ke4 Kc5 61.Ke5 Kb6 62.Kd6 Kb7 63.Kc5 Ka6
64.Kc6 Ka7 65.Kb5 Kb8 66.Kxa5 Ka7 67.b4 Kb7 68.b5 Ka7 69.b6+ Kb7 70.Bc6+ Kb8
71.Ka6 Kc8 72.b7+ Kb8 73.Bh1 Kc7 74.Ka7  1-0

[Event "300 Years"]
[Site "St Petersburg RUS"]
[Date "2003.10.23"]
[Round "6"]
[White "Biriukov,O"]
[Black "Skatchkov,P"]
[Result "0-1"]
[WhiteElo "2362"]
[BlackElo "2495"]

1.d4 d5 2.c4 c6 3.Nf3 Nf6 4.Nc3 dxc4 5.a4 Bf5 6.Ne5 Nbd7 7.Nxc4 Qc7 8.g3 e5
9.dxe5 Nxe5 10.Bf4 Nfd7 11.Bg2 g5 12.Ne3 gxf4 13.Nxf5 O-O-O 14.Qc2 fxg3 15.hxg3 h5
16.Rd1 Kb8 17.Qe4 Re8 18.O-O Be7 19.Rxd7 Nxd7 20.Nxe7 h4 21.Rd1 Nc5 22.Nxc6+ Qxc6
23.Qc4 Qc8 24.Nb5 Ne6 25.Qe4 hxg3 26.Nd6 gxf2+ 27.Kxf2 Qc5+ 28.Kf1 Re7 29.Nxb7 f5
30.Qf3 Qc2 31.Rd3 Qc1+ 32.Kf2 Ng5 33.Qg3+ f4 34.Qxg5 Rxe2+ 35.Kf3 Qc6+ 36.Kxe2 Qc2+
37.Kf3 Qxd3+ 38.Kf2 Qe3+ 39.Kf1 Rc8 40.Nc5 Qc1+ 41.Kf2 Qxc5+  0-1

[Event "WYg18"]
[Site "Halkidiki GRE"]
[Date "2003.10.25"]
[Round "3"]
[White "Motoc,A"]
[Black "Aketaeva,D"]
[Result "1-0"]
[WhiteElo "2363"]
[BlackElo "2192"]

1.d4 d5 2.c4 c6 3.Nf3 Nf6 4.Nc3 dxc4 5.a4 Bf5 6.e3 e6 7.Bxc4 Bb4 8.O-O Nbd7
9.Nh4 Bg6 10.Qe2 Qc7 11.f4 Nb6 12.Bb3 Bf5 13.a5 Nc8 14.e4 Bxc3 15.exf5 Bxd4+
16.Be3 Bxe3+ 17.Qxe3 O-O 18.fxe6 fxe6 19.Qxe6+ Kh8 20.Qh3 Ne7 21.Rae1 Nfg8
22.Bxg8 Kxg8 23.Qe6+ Rf7 24.Nf3 Nd5 25.Ng5 Rf8 26.Qxf7+ Qxf7 27.Nxf7 Kxf7
28.Re5 Kf6 29.g3 a6 30.Rfe1 Rd8 31.Re8 Rd7 32.Rf8+ Kg6 33.g4 Rd6 34.h4 c5
35.f5+ Kh6 36.Re6+  1-0

[Event "WYb18"]
[Site "Halkidiki GRE"]
[Date "2003.10.25"]
[Round "3"]
[White "Lafuente,P"]
[Black "Munoz,Li"]
[Result "1/2-1/2"]
[WhiteElo "2424"]
[BlackElo "2272"]

1.d4 d5 2.c4 c6 3.Nf3 Nf6 4.Nc3 dxc4 5.a4 Bf5 6.e3 e6 7.Bxc4 Bb4 8.O-O O-O
9.Nh4 Qe7 10.Nxf5 exf5 11.Qc2 g6 12.Bd2 Nbd7 13.Rfd1 Nb6 14.Bb3 Rac8 15.a5 Nbd5
16.Qd3 Rfd8 17.Rdc1 a6 18.Bd1 Qc7 19.Nxd5 Nxd5 20.Bxb4 Nxb4 21.Qb3 Nd5 22.g3 Qe7
23.Bf3 Nf6 24.Rc5 Rc7 25.Rac1 Rcd7 26.Kg2 Qe6 27.Qc2 Nd5 28.Qc4 Kg7 29.Kg1 h5
30.Qb3 Qe7 31.h4 Kh7 32.Kg2  1/2-1/2

[Event "WYb14"]
[Site "Halkidiki GRE"]
[Date "2003.10.25"]
[Round "3"]
[White "Margvelashvili,G"]
[Black "Banusz,T"]
[Result "1/2-1/2"]
[WhiteElo "2193"]
[BlackElo "2361"]

1.d4 d5 2.c4 c6 3.Nf3 Nf6 4.Nc3 dxc4 5.a4 Bf5 6.Ne5 Nbd7 7.Nxc4 Qc7 8.g3 Rd8
9.Bf4 Qc8 10.Bg2 Nc5 11.O-O Ne6 12.Be3 Nc7 13.a5 Bh3 14.Qb3 Bxg2 15.Kxg2 e6
16.Bg5 Be7 17.e4 h6 18.Be3 O-O 19.f3 Rfe8  1/2-1/2

[Event "WYg16"]
[Site "Halkidiki GRE"]
[Date "2003.10.25"]
[Round "3"]
[White "Batsiashvili,N"]
[Black "Hoang Thi Bao Tram"]
[Result "1-0"]
[WhiteElo "2248"]
[BlackElo "2160"]

1.d4 d5 2.c4 c6 3.Nc3 Nf6 4.Nf3 dxc4 5.a4 Bf5 6.e3 e6 7.Bxc4 Bb4 8.O-O Nbd7
9.Qe2 Bg4 10.Rd1 Qe7 11.h3 Bxf3 12.Qxf3 e5 13.Ne4 Nxe4 14.Qxe4 O-O 15.Bd2 exd4
16.Qxd4 Bc5 17.Qc3 Ne5 18.Be2 Ng6 19.Qc4 Rfe8 20.Rac1 Bd6 21.Bc3 Rad8 22.Rd2 Ne5
23.Qb3 Rd7 24.Rcd1 Red8 25.a5 Bb8 26.Rxd7 Rxd7 27.Rxd7 Qxd7 28.Qd1 Qe7 29.Qd4 c5
30.Qe4 Nc6 31.Bd3 Qxe4 32.Bxe4 Nd8 33.f4 b6 34.axb6 axb6 35.Kf2 Bd6 36.Kf3 b5
37.b3 Ne6 38.Bd3 Nc7 39.Bb2 h6 40.e4 f6 41.e5 fxe5 42.fxe5 Be7 43.Ke4 Kf7
44.Bc3 b4 45.Bc4+ Kg6 46.Bb2 Bg5 47.e6 Be7 48.Be5 Ne8 49.Kd5 Nf6+ 50.Kc6 Kf5
51.Bd6 Bxd6 52.Kxd6 Ne4+ 53.Kd7 Kf4 54.e7 Nf6+ 55.Kd8 Kg3 56.Bd5 g5 57.e8=Q Nxe8
58.Kxe8 Kf4 59.Kd7 Ke5 60.Bc4 h5 61.Kc6 Kd4 62.Kd6 g4 63.hxg4 hxg4 64.Kc6 g3
65.Kd6  1-0

[Event "300 Years"]
[Site "St Petersburg RUS"]
[Date "2003.10.25"]
[Round "8"]
[White "Popov,Val"]
[Black "Deviatkin,A"]
[Result "1-0"]
[WhiteElo "2579"]
[BlackElo "2509"]

1.d4 d5 2.c4 c6 3.Nf3 Nf6 4.Nc3 dxc4 5.a4 Bf5 6.Ne5 e6 7.f3 Bb4 8.e4 Bxe4
9.fxe4 Nxe4 10.Bd2 Qxd4 11.Nxe4 Qxe4+ 12.Qe2 Bxd2+ 13.Kxd2 Qd5+ 14.Kc3 O-O
15.Qe3 b5 16.Be2 Nd7 17.Nxd7 Qxd7 18.Qc5 Qd5 19.Qxd5 cxd5 20.axb5 Rfb8 21.Ra5 Rb7
22.b3 cxb3 23.Kxb3 Rc8 24.Rha1 Rcc7 25.Ra6 Kf8 26.Kb4 Ke7 27.R1a3 Kd8 28.Bd3 h6
29.g4 Ke7 30.Rc3 Rxc3 31.Kxc3 Rc7+ 32.Kd4 Kd7 33.h4 g5 34.h5 Ke7 35.Ke5 f6+
36.Kd4 Kd7 37.Ke3 Rb7 38.Kd2 Ke7 39.Kc3 Rc7+ 40.Kb3 Kf7 41.Ka4 e5 42.Bf5 Ke7
43.Re6+ Kf7 44.Rc6 Re7 45.Rd6 d4 46.Ka5 Rc7 47.Ka6 Re7 48.Bg6+ Kg7 49.Be4 Kf7
50.Bd5+ Kg7 51.Bb7 e4 52.Rxd4 e3 53.Rd1 f5 54.gxf5 Kf6 55.Bf3 Kxf5 56.Be2 Kf4
57.Rd6 Kg3 58.Rxh6 Kf2 59.Bd1 Rd7 60.Rf6+ Kg2 61.Bf3+ Kg3 62.h6 g4 63.Be2  1-0

[Event "18th Open"]
[Site "Le Touquet FRA"]
[Date "2003.10.26"]
[Round "1"]
[White "Farago,I"]
[Black "Balcerak,P"]
[Result "1-0"]
[WhiteElo "2485"]
[BlackElo "2188"]

1.d4 d5 2.c4 c6 3.Nf3 Nf6 4.Nc3 dxc4 5.a4 Bf5 6.Ne5 Nbd7 7.Nxc4 Nb6 8.Ne5 a5
9.g3 e6 10.Bg2 Bb4 11.O-O O-O 12.e3 h6 13.Qe2 Bh7 14.Rd1 Qe7 15.e4 c5 16.dxc5 Bxc3
17.bxc3 Qxc5 18.Ng4 Nxg4 19.Qxg4 f5 20.exf5 Bxf5 21.Qe2 Qc4 22.Qxc4 Nxc4
23.Bxb7 Rab8 24.Ba6 Nb2 25.Re1 Rb3 26.Bxb2 Rxb2 27.Re2 Rfb8 28.Rae1 Rxe2
29.Bxe2 Rb2 30.g4 Bc2 31.Bc4 Bxa4 32.Rxe6 Rc2 33.Re8+  1-0

[Event "Classics II GM"]
[Site "Gausdal NOR"]
[Date "2003.10.27"]
[Round "9"]
[White "Tallaksen,G"]
[Black "Orr,M"]
[Result "1/2-1/2"]
[WhiteElo "2327"]
[BlackElo "2352"]

1.d4 d5 2.c4 c6 3.Nc3 Nf6 4.Nf3 dxc4 5.a4 Bf5 6.Ne5 Nbd7 7.Nxc4 Nb6 8.Ne5 a5
9.g3 e6 10.Bg2 Bb4 11.O-O O-O 12.e3 Nbd7 13.e4 Bg6 14.Nxg6 hxg6 15.Qb3 e5
16.dxe5 Nxe5 17.Rd1 Qe7 18.Be3 Bc5 19.Ne2  1/2-1/2

[Event "LXVIII ch-ESP Scheveningen"]
[Site "Burgos ESP"]
[Date "2003.10.29"]
[Round "1"]
[White "Candela Perez,J"]
[Black "Gomez Esteban,J"]
[Result "1/2-1/2"]
[WhiteElo "2410"]
[BlackElo "2465"]

1.d4 d5 2.c4 c6 3.Nf3 Nf6 4.Nc3 dxc4 5.a4 Bf5 6.Ne5 Nbd7 7.Nxc4 Qc7 8.g3 e5
9.dxe5 Nxe5 10.Bf4 Nfd7 11.Bg2 g5 12.Ne3 gxf4 13.Nxf5 O-O-O 14.Qc2 Ng4 15.Qe4 Bc5
16.O-O Rhe8 17.Qxf4 Qxf4 18.gxf4 Bb4 19.Rfd1 Kb8 20.Ne4 Ngf6 21.Nxf6 Nxf6
22.e3 Kc7 23.Nh6 Re7 24.Rxd8 Kxd8 25.Rd1+ Kc7 26.Kf1 Nd7 27.Rd4 a5 28.Re4 Kd8
29.Rxe7 Kxe7 30.Be4 Nc5 31.Bc2 Kf8 32.Nf5 Bd2 33.Nd6 Kg7 34.Ke2 Bb4 35.Nf5+ Kg8
36.h4 Kf8 37.Kf3 Bd2 38.Nd6 Kg7 39.Ke2 Bb4 40.Nf5+ Kf8 41.Kf3 Bd2 42.Kg4 Be1
43.f3 Bd2 44.e4 Ne6 45.Nd6 Bxf4 46.Nxb7 Bc7 47.Bb3 Nd4 48.Bc4 Nc2 49.b3 Ne3+
50.Kh5 Kg7 51.Nc5 Ng2 52.Kg4 Ne3+ 53.Kh3 Kg6 54.Nd3 f6 55.Be6 Kg7 56.Bd7 Nc2
57.Bxc6 Nd4 58.Bd5 Nxf3 59.Kg4 Ne5+ 60.Nxe5 Bxe5 61.b4 axb4 62.a5 Bd4 63.Kf3 Kg6
64.Kg4 Kg7 65.Kh5 Bc5 66.a6 Bd4 67.Bc4 Bc5 68.Bb3 Bd4 69.Kg4 Kg6 70.Bd1 Kf7
71.Kf5 Kg7 72.Ke6 Kg6 73.Kd5 Bf2 74.Kc4 Kf7 75.Kxb4 Ke6 76.Bg4+ Kd6 77.Kc4 h6
78.Kd3 Ke5 79.Bf5 Ba7 80.Ke2 Kf4 81.Kd3 Ke5 82.Kc4 Kd6 83.Kb5 Bf2 84.Kc4 Ba7
85.Kd3 Ke5 86.Ke2 Kf4 87.Bg6 Bg1 88.Kf1 Ba7 89.Kg2 Kg4 90.h5 Kf4 91.Kf1 Bb6
92.Ke2 Ba7 93.Kd3 Ke5 94.Kc4 Kd6 95.Bf7 Bg1 96.Bd5 Ba7 97.Bb7 Bg1 98.Kb5 Ba7
99.Kc4 Bg1 100.Kb4 Ba7 101.Kc3 Ke5 102.Kc4 Kd6 103.Kd3 Ke5 104.Ke2 Kf4 105.Kd2 Ke5
106.Kd3 Bb6 107.Kc4 Kd6 108.e5+ fxe5 109.Kd3 Ba7 110.Ke4 Ke6 111.Bc8+ Kf6
112.Bd7 Kg5 113.Be8 Kf6 114.Bg6 Kg5 115.Kxe5 Be3 116.Kd6 Kf6 117.Kd5 Ba7
118.Be8 Kg7 119.Kc6 Be3 120.Kd7 Bd4 121.Ke7  1/2-1/2

[Event "WYb14"]
[Site "Halkidiki GRE"]
[Date "2003.10.30"]
[Round "8"]
[White "Goh Koon Jong,J"]
[Black "Wang Hao"]
[Result "1/2-1/2"]
[WhiteElo "2314"]
[BlackElo "2215"]

1.d4 d5 2.c4 c6 3.Nf3 Nf6 4.Nc3 dxc4 5.a4 Bf5 6.Ne5 Nbd7 7.Nxc4 Qc7 8.g3 e5
9.dxe5 Nxe5 10.Bf4 Nfd7 11.Bg2 g5 12.Nxe5 gxf4 13.Nxd7 O-O-O 14.Qd4 Qxd7
15.Qxf4 Bd6 16.Qc1 Kb8 17.a5 Bh3 18.O-O h5 19.Ne4 Bxg2 20.Kxg2 h4 21.Nxd6 hxg3
22.hxg3 Qh3+ 23.Kf3 Qh5+  1/2-1/2

[Event "3rd Rohde Open"]
[Site "Sautron FRA"]
[Date "2003.10.30"]
[Round "6"]
[White "Dobrev,N"]
[Black "Miraoui,K"]
[Result "1-0"]
[WhiteElo "2389"]
[BlackElo "2081"]

1.d4 d5 2.c4 c6 3.Nf3 Nf6 4.Nc3 dxc4 5.a4 Bf5 6.Ne5 e6 7.f3 Bb4 8.Bg5 h6
9.Bh4 c5 10.dxc5 Qa5 11.Qd4 Nc6 12.Nxc6 bxc6 13.e4 Bxc5 14.Qxc4 Bh7 15.Bg3 a6
16.Rd1 Qb6 17.a5 Qb4 18.Rd4 Qxc4 19.Rxc4 Nd7 20.Na4 Be7 21.Nb6 Ra7 22.Rxc6 Bb4+
23.Kd1 O-O 24.Be1 Ne5 25.Rc2 Rd8+ 26.Ke2 Bxe1 27.Kxe1 f5 28.exf5 Bxf5 29.Rd2 Rxd2
30.Kxd2 Rc7 31.Bxa6 Rc2+ 32.Ke3 Rxb2 33.Ra1 Nc6 34.Nd7 Rxg2 35.Be2 Nxa5 36.Rxa5 Rxh2
37.Ne5 Kh7 38.Ra7 Rh4 39.Bc4 Rh2 40.Re7 Rg2 41.Bxe6 Bxe6 42.Rxe6 Ra2 43.Ng6 Ra7
44.f4 Ra3+ 45.Ke4 Ra4+ 46.Kf5 Ra5+ 47.Kg4 Ra4 48.Rb6 Rc4 49.Ne5 Ra4 50.Rb7 Rd4
51.Nf3 Rd1 52.Nh4 Ra1 53.f5 Rg1+ 54.Kf4 Rf1+ 55.Ke5 Re1+ 56.Kd6 Rf1 57.Ke6 Re1+
58.Kf7 Rf1 59.Rb5 g5 60.Ng6 g4 61.Nf8+ Kh8 62.Kg6 g3 63.Ne6  1-0

[Event "Autumn"]
[Site "Venice ITA"]
[Date "2003.10.30"]
[Round "1"]
[White "Rossi,D"]
[Black "Mileto,G"]
[Result "0-1"]
[WhiteElo "2029"]
[BlackElo "2222"]

1.d4 d5 2.c4 c6 3.Nc3 Nf6 4.Nf3 dxc4 5.a4 Bf5 6.e3 e6 7.Bxc4 Bb4 8.Qb3 Qe7
9.O-O O-O 10.h3 c5 11.Na2 Ba5 12.Qb5 Nc6 13.Ne5 Bb6 14.dxc5 Bxc5 15.Nxc6 bxc6
16.Qxc6 Be4 17.Qa6 Bb7 18.Qa5 Nd7 19.Qc7 Rab8 20.Bb5 Bd6 21.Qc2 Nc5 22.b4 Be4
23.Qd1 Be5 24.Bd2 Qg5 25.f3 Qg3 26.fxe4 Qh2+ 27.Kf2 Nxe4+ 28.Kf3 Rbd8 29.Kxe4 Qxg2+
30.Qf3 Qg6+ 31.Kxe5 f6+ 32.Kxe6 f5+ 33.Ke5 Qd6+  0-1

[Event "Open"]
[Site "Bastia FRA"]
[Date "2003.10.31"]
[Round "8"]
[White "Epishin,V"]
[Black "Milov,L"]
[Result "1-0"]
[WhiteElo "2658"]
[BlackElo "2452"]

1.d4 d5 2.c4 c6 3.Nf3 Nf6 4.Nc3 dxc4 5.a4 Bf5 6.Nh4 Bg6 7.Nxg6 hxg6 8.e3 e6
9.Bxc4 Bb4 10.O-O Nbd7 11.h3 O-O 12.Qb3 Qb6 13.Rd1 Rad8 14.Bd2 Qa5 15.Be1 Nb6
16.Be2 c5 17.dxc5 Nbd7 18.Rd4 Bxc3 19.Bxc3 Nxc5 20.Bxa5 Nxb3 21.Rxd8 Rxd8
22.Bxd8 Nxa1 23.Bxf6 gxf6 24.Bd1 Kf8 25.Kf1 Ke7 26.Ke2 Kd6 27.Kd2 Kc5 28.Kc3 a5
29.h4 f5 30.Be2 b6 31.Bb5 Kd5  1-0

[Event "Autumn"]
[Site "Venice ITA"]
[Date "2003.11.02"]
[Round "6"]
[White "Del Monaco,A"]
[Black "Kiss,Pa"]
[Result "0-1"]
[WhiteElo "2175"]
[BlackElo "2393"]

1.d4 d5 2.c4 c6 3.Nf3 Nf6 4.Nc3 dxc4 5.a4 Bf5 6.e3 e6 7.Bxc4 Bb4 8.O-O O-O
9.Qe2 Nbd7 10.Rd1 Bg6 11.Na2 Bd6 12.Ne5 Qe7 13.Nxg6 hxg6 14.e4 e5 15.d5 cxd5
16.exd5 e4 17.Nc3 a6 18.Be3 Rac8 19.Bb3 Rfe8 20.Bd4 Nh5 21.g3 f5 22.Re1 Ne5
23.Bxe5 Qxe5 24.Rad1 Nf6 25.Qe3 Ng4 26.Qg5 Qf6 27.Qxf6 gxf6 28.Ne2 Ne5 29.Kg2 Nd3
30.Rh1 Nxb2 31.Rb1 Nd3 32.h4 Kh7 33.h5 g5 34.Nd4 f4 35.f3 exf3+ 36.Kxf3 Re3+
37.Kg4 Nf2+ 38.Kf5 Re5+  0-1

[Event "Autumn"]
[Site "Venice ITA"]
[Date "2003.11.02"]
[Round "6"]
[White "Vianello,E"]
[Black "Mileto,G"]
[Result "0-1"]
[WhiteElo "2115"]
[BlackElo "2222"]

1.d4 d5 2.c4 c6 3.Nf3 Nf6 4.Nc3 dxc4 5.a4 Bf5 6.e3 e6 7.Bxc4 Bb4 8.O-O O-O
9.Qe2 Nbd7 10.Rd1 Bg4 11.h3 Bh5 12.e4 Re8 13.e5 Nd5 14.Ne4 Bg6 15.Bg5 Qc7
16.Rac1 Qa5 17.Bb3 h6 18.Bd2 Bxd2 19.Rxd2 N7b6 20.Nc5 Rab8 21.Rdd1 Nf4 22.Qf1 Nbd5
23.Ne1 Nb4 24.g3 Nfd5 25.Qe2 Red8 26.Nc2 Nxc2 27.Bxc2 Bxc2 28.Qxc2 Ne7 29.Qc4 Nd5
30.b3 b5 31.Qd3 bxa4 32.Nxa4 Qb5 33.Nc5 Qxd3 34.Rxd3 Rb5 35.Ra1 Nb4 36.Rdd1 Nc2
37.Rac1 Nxd4 38.Kg2 Rd5 39.Na6 Rxb3 40.Nc7 Rd7 41.Rxc6 Nxc6 42.Rxd7 Rb7 43.f4 a5
44.Kf3 a4 45.Ke4 Ra7 46.f5 a3 47.fxe6 fxe6  0-1

[Event "ch-UKR"]
[Site "Simferopol UKR"]
[Date "2003.11.05"]
[Round "2"]
[White "Krivoshey,S"]
[Black "Dmitrenko,V"]
[Result "1-0"]
[WhiteElo "2495"]
[BlackElo "2380"]

1.Nf3 Nf6 2.c4 c6 3.d4 d5 4.Nc3 dxc4 5.a4 Bf5 6.Nh4 e6 7.Nxf5 exf5 8.e3 Bd6
9.Bxc4 O-O 10.Qc2 g6 11.f3 c5 12.Nb5 cxd4 13.O-O Nc6 14.Rd1 Rc8 15.b3 Re8
16.exd4 Bf8 17.d5 Qb6+ 18.Kh1 Nb4 19.Qd2 Nbxd5 20.a5 Qe3 21.Bb2 Qxd2 22.Rxd2 Bb4
23.Bxd5 Bxd2 24.Bxf6 Rc1+ 25.Rxc1 Bxc1 26.g3 a6 27.Nc7 Rc8 28.Be5 Bd2 29.Bxb7 Rb8
30.Bd5 Bxa5 31.Bc4 Bxc7 32.Bxc7 Ra8 33.Ba5 Kf8 34.Kg2 f6 35.Kf2 Ke7 36.Ke3 Kd6
37.Kd4 Rb8  1-0

[Event "ch-UKR"]
[Site "Simferopol UKR"]
[Date "2003.11.10"]
[Round "7"]
[White "Nechaev,An"]
[Black "Shulga,J"]
[Result "1/2-1/2"]
[WhiteElo "2417"]
[BlackElo "2297"]

1.d4 d5 2.c4 c6 3.Nf3 Nf6 4.Nc3 dxc4 5.a4 Bf5 6.e3 e6 7.Bxc4 Bb4 8.O-O Nbd7
9.Qe2 Bg6 10.e4 O-O 11.Bd3 Re8 12.Rd1 Qc7 13.e5 Nd5 14.Bxg6 fxg6 15.Ne4 Nf8
16.Bd2 Be7 17.a5 h6 18.h4 Rec8 19.Rdc1 a6 20.Nc5 Bxc5 21.dxc5 Qe7 22.Ra4 Rd8
23.Be1 Nd7 24.Rg4 Qf7 25.Nd4 Nf8 26.g3 Rd7 27.Nc2 Nh7 28.Na3 g5 29.Nc4 Rf8
30.Kg2 h5 31.Re4 g4 32.Bd2 Qf3+ 33.Qxf3 Rxf3 34.Nd6 Rb3 35.Rc2 Rd8 36.Ra4 Rf8
37.Bf4 Rb8 38.Ra3 Rxa3 39.bxa3 Nf8 40.Rb2 Ng6 41.Rxb7 Rxb7 42.Nxb7 Ngxf4+
43.gxf4 Nxf4+ 44.Kg3 Nd3 45.Nd8 Nxe5 46.Nxe6 Nc4 47.a4 Nxa5 48.Nc7 Nc4 49.Nxa6 Nb2
50.a5 Nc4 51.Nb4 Nxa5 52.Kf4 g6 53.f3  1/2-1/2

[Event "ch-UKR w"]
[Site "Nikolaev UKR"]
[Date "2003.11.11"]
[Round "8"]
[White "Mutchnik,L"]
[Black "Kononenko,T"]
[Result "1-0"]
[WhiteElo "2145"]
[BlackElo "2343"]

1.d4 d5 2.c4 c6 3.Nf3 Nf6 4.Nc3 dxc4 5.a4 Bf5 6.e3 e6 7.Bxc4 Bb4 8.O-O Nbd7
9.Nh4 O-O 10.f3 Qb6 11.e4 Bg6 12.Nxg6 hxg6 13.Be3 e5 14.Kh1 Rad8 15.Ne2 exd4
16.Bxd4 c5 17.Bxf6 Qxf6 18.Qb3 Nb6 19.Nc3 Rd2 20.Rad1 Rfd8 21.Nd5 Nxd5 22.Rxd2 Bxd2
23.Bxd5 b6 24.Rd1 Bg5 25.g3 c4 26.Bxc4 Rxd1+ 27.Qxd1 Be3 28.f4 Bd4 29.b3 Qd6
30.Kg2 Kf8 31.Qd3 a5 32.e5 Qc6+ 33.Kh3 Qd7+ 34.g4 Ke7 35.Qe4 Bc5 36.f5 gxf5
37.gxf5 g6 38.Qh4+ Ke8 39.e6 fxe6 40.fxe6 Qd2 41.Bb5+ Kf8 42.Qf6+ Kg8 43.Qxg6+ Kh8
44.Qe8+ Kg7 45.Qd7+ Qxd7 46.exd7 Be7 47.Kg4 Kf6 48.h4 Ke6 49.h5 Kf6 50.Kf4 Bd8
51.Ke4 Ke6 52.h6 Bf6 53.Kf4 Bh4 54.h7 Bf6 55.d8=Q  1-0

[Event "ch-IND A Women"]
[Site "Calicut IND"]
[Date "2003.11.14"]
[Round "8"]
[White "Koneru,C"]
[Black "Rajalakshmi,C"]
[Result "1-0"]
[WhiteElo "2139"]
[BlackElo "2092"]

1.d4 d5 2.Nf3 Nf6 3.c4 c6 4.Nc3 dxc4 5.a4 Bf5 6.e3 e6 7.Bxc4 Bb4 8.O-O Nbd7
9.Qe2 Bg6 10.Rd1 Qe7 11.Bd2 O-O 12.a5 Ne4 13.Nxe4 Bxe4 14.a6 b6 15.Bxb4 Qxb4
16.Ng5 Bd5 17.Bd3 h6 18.Nh3 Qe7 19.e4 Bb3 20.Rdc1 e5 21.f4 exf4 22.Rxc6 Rac8
23.Rxc8 Rxc8 24.Nxf4 Qb4 25.Qf2 Bc4 26.Bxc4 Rxc4 27.Nd5 Qd6 28.Rf1 Nf6 29.Ne3 Qxd4
30.Rd1 Qxe4 31.Nxc4  1-0

[Event "Claude Pecaut Mem"]
[Site "Taormina ITA"]
[Date "2003.11.15"]
[Round "1"]
[White "Calzetta,M"]
[Black "Tomescu,V"]
[Result "1/2-1/2"]
[WhiteElo "2274"]
[BlackElo "2447"]

1.d4 d5 2.c4 c6 3.Nf3 Nf6 4.Nc3 dxc4 5.a4 Bf5 6.e3 Bd3 7.Bxd3 cxd3 8.Qxd3 e6
9.O-O Na6 10.e4 Be7 11.Rd1 O-O 12.Bf4 Nb4 13.Qe2 a5 14.Rac1 Qb6 15.Be3 Qa6
16.Qxa6 Nxa6 17.h3 Rfd8  1/2-1/2

[Event "ch-IND A Women"]
[Site "Calicut IND"]
[Date "2003.11.17"]
[Round "13"]
[White "Mohota,N"]
[Black "Swathi,G"]
[Result "1/2-1/2"]
[WhiteElo "2299"]
[BlackElo "2309"]

1.d4 d5 2.c4 c6 3.Nf3 Nf6 4.Nc3 dxc4 5.a4 Bf5 6.Ne5 Nbd7 7.Nxc4 Qc7 8.g3 e5
9.dxe5 Nxe5 10.Bf4 Nfd7 11.Bg2 f6 12.O-O Nc5 13.Ne3 Be6 14.b4 Rd8 15.Qb1 Na6
16.b5 Nc5 17.Rd1 Rxd1+ 18.Qxd1 Be7 19.bxc6 bxc6 20.Ne4 O-O 21.Nxc5 Bxc5 22.Qc2 Bb6
23.Rc1 Rc8 24.Be4 g6 25.h4 Kg7 26.Qc3 Ba5 27.Qc5 Bb6 28.Qc3 Ba5 29.Qc5 Bb6  1/2-1/2

[Event "Friendship IM"]
[Site "Cartak CZE"]
[Date "2003.11.17"]
[Round "8"]
[White "Cedikova,K"]
[Black "Biolek,R2"]
[Result "1/2-1/2"]
[WhiteElo "2201"]
[BlackElo "2436"]

1.d4 d5 2.c4 dxc4 3.Nf3 Nf6 4.Nc3 c6 5.a4 Bf5 6.e3 e6 7.Bxc4 Bb4 8.O-O O-O
9.Qe2 Bg6 10.Ne5 Nbd7 11.Nxg6 hxg6 12.Rd1 Qc7 13.e4 Rfe8  1/2-1/2

[Event "ch-IND A Women"]
[Site "Calicut IND"]
[Date "2003.11.18"]
[Round "15"]
[White "Harika,D"]
[Black "Rajalakshmi,C"]
[Result "1-0"]
[WhiteElo "2353"]
[BlackElo "2092"]

1.d4 Nf6 2.Nf3 d5 3.c4 c6 4.Nc3 dxc4 5.a4 Bf5 6.Nh4 Bg6 7.Nxg6 hxg6 8.e4 e6
9.Bxc4 Bb4 10.Qd3 Nbd7 11.O-O Qc7 12.e5 Nd5 13.Bd2 Nxc3 14.bxc3 Be7 15.f4 O-O-O
16.a5 g5 17.Qe2 gxf4 18.Bxf4 g5 19.Bg3 Rh7 20.Rfb1 Nb8 21.Rb3 Rd7 22.Qa2 Bd8
23.Qb2 Rh8 24.Rb1 Re8 25.Be2 Be7 26.c4 a6 27.d5 Bc5+ 28.Kh1 cxd5 29.cxd5  1-0

[Event "7th Cup GM"]
[Site "Paks HUN"]
[Date "2003.11.22"]
[Round "4"]
[White "Grigore,Ge"]
[Black "Kulaots,K"]
[Result "0-1"]
[WhiteElo "2485"]
[BlackElo "2530"]

1.d4 Nf6 2.c4 c6 3.Nc3 d5 4.Nf3 dxc4 5.a4 Bf5 6.Ne5 Nbd7 7.Nxc4 Qc7 8.g3 e5
9.dxe5 Nxe5 10.Bf4 Nfd7 11.Bg2 g5 12.Ne3 gxf4 13.Nxf5 O-O-O 14.gxf4 Nc5 15.Qc2 Nc4
16.Rd1 Rxd1+ 17.Nxd1 Qa5+ 18.Nc3 Nxb2 19.O-O Nbxa4 20.Ne4 Nxe4 21.Qxe4 Ba3
22.Ne7+ Bxe7 23.Qxe7 Qc7 24.Qf6 Rg8 25.Kh1 Nc5 26.Qf5+ Ne6 27.Qxh7 Rg7 28.Qh8+ Qd8
29.Qh3 Qf6 30.e3 Rg8 31.Qf3 Rd8 32.Qe4 Rd2 33.Bh3 Kc7 34.Qb4 Qb2 35.Qa5+ Kb8
36.Bxe6 fxe6 37.Qg5 Qb5 38.Qg8+ Kc7 39.Kg1 Qf5 40.Qg3 Rd7 41.h3 a5 42.Re1 b5
43.e4 Qf6 44.Kh2 Kb7 45.Qe3 Qd4 46.Qf3 a4 47.f5 Qe5+ 48.Qg3 Qxg3+ 49.fxg3 exf5
50.exf5 Rf7 51.g4 b4 52.Ra1 a3 53.Kg3 c5 54.Kf4 c4 55.g5 b3 56.g6 Rc7 57.f6 b2
58.Rb1 c3 59.f7 c2 60.f8=Q c1=Q+ 61.Kg4 Rc4+ 62.Kf3 Qc3+ 63.Kg2 Qc2+ 64.Kf3 Qe4+  0-1

[Event "GM"]
[Site "Varazdin CRO"]
[Date "2003.11.29"]
[Round "8"]
[White "Dumpor,A"]
[Black "Georgiev,Vl"]
[Result "1/2-1/2"]
[WhiteElo "2364"]
[BlackElo "2596"]

1.Nf3 d5 2.d4 Nf6 3.c4 dxc4 4.Nc3 c6 5.a4 Bf5 6.e3 e6 7.Bxc4 Nbd7 8.O-O Bb4
9.Qe2 Bg6 10.Rd1 O-O  1/2-1/2

[Event "Cultural Village"]
[Site "Wijk aan Zee NED"]
[Date "2003.11.29"]
[Round "5"]
[White "Afek,Y"]
[Black "Schuurman,P"]
[Result "1/2-1/2"]
[WhiteElo "2376"]
[BlackElo "2263"]

1.Nf3 d5 2.d4 c6 3.c4 Nf6 4.Nc3 dxc4 5.a4 Bf5 6.Nh4 e6 7.Nxf5 exf5 8.e3 g6
9.Bxc4 Bg7 10.a5 O-O 11.O-O Nbd7 12.Qc2 Rc8 13.b4 Nd5 14.Bxd5 cxd5 15.Qb3 Nf6
16.Ba3 Re8 17.Rac1 f4 18.exf4 Ne4 19.Nxe4 Rxc1 20.Bxc1 Rxe4 21.Be3 Bxd4 22.Bxd4 Rxd4
23.g3 Qe7 24.b5 Qb4 25.Qe3 Re4 26.Qxa7 Qxb5 27.f5 gxf5 28.Qb8+ Kg7 29.Qd8 h6
30.Rd1 Qc6 31.a6 bxa6 32.Qxd5 Qxd5 33.Rxd5 f4 34.f3 Ra4 35.Kg2 Ra2+ 36.Kh3 a5
37.Kg4 a4 38.Kxf4 Rxh2 39.Ra5 Ra2 40.g4 Ra3 41.Ra6 Ra1 42.Kf5 a3 43.f4 Ra2
44.Ra8 Ra1 45.Ra7 Ra2 46.Ra8 Ra1  1/2-1/2